000 00291nam a22001337a 4500
008 210707s2011 xx 000 0 und d
041 _aeng
082 _a052 DTE
245 _aDown to earth
260 _c2011
650 _aEnvironment
650 _aEnvironment
906 _aDown earth to
999 _c179730
_d179730